All Rainbow Six Siege Operators by their Names - Statistics

General Stats
  • This quiz has been taken 57 times
    42 since last reset
  • The average score is 24 of 67
Answer Stats
Origin Operator Name % Correct
Zofia Bosak Zofia
81%
Bo-Ram Choi Ram
71%
Siu Mei Lin Ying
61%
Elżbieta Bosak Ela
55%
Samuel Leo Fisher Zero
55%
Timur Glazkov Glaz
52%
Alexsandr Senaviev Tachanka
52%
Max Goose Mozzie
48%
Eliza Cohen Ash
45%
Шухрат Кессикбаев. (Shuhrat Kessikbayev) Fuze
45%
Yumiko Imagawa Hibana
45%
Jalal El Fassi Kaid
45%
Liu Tze Long Lesion
45%
Seamus Cowden Sledge
45%
Mike Baker Thatcher
45%
Karina Gaarddhøje Nøkk
42%
Jordan Trace Thermite
42%
Chul Kyung Hwa Vigil
42%
Miles Campbell Castle
39%
Taina Pereira Caveira
39%
Sanaa El Maktoub Nomad
39%
James Porter Smoke
39%
Dominic Brunsmeier Bandit
35%
Craig Jenson Blackbeard
35%
Grace Nam Dokkaebi
35%
Masaru Enatsu Echo
35%
César Ruiz Hernández Goyo
35%
Monika Weiss IQ
35%
Adriano Martello Maestro
35%
Elena María Álvarez Mira
35%
Emmanuelle Pichon Twitch
35%
Collinn McKinley Warden
35%
Aria de Luca Alibi
32%
Azucena Rocío Quispe Amaru
32%
Elias Kötz Blitz
32%
Emil Svensson Fenrir
32%
Lera Melnikova Finka
32%
Charlie Tho Keng Boom Grim
32%
Oliver Flament Lion
32%
Mark R. Chandar Mute
32%
Saif al Hadid Oryx
32%
Jack Estrada Pulse
32%
Meghan J. Castellano Valkyrie
32%
Nayara Cardoso Brava
29%
Sébastien Côté Buck
29%
Vincente Souza Capitão
29%
Ryad Ramírez Al-Hassar Jackal
29%
Jaimini Kalimohan Shah Kali
29%
Thandiwe Ndlovu Melusi
29%
Anja Katarina Janković Osa
29%
Julien Nezan Rook
29%
Ngũgĩ Muchoki Furaha Wamai
29%
Apha Tawanroong Aruni
26%
Kana Fujiwara Azami
26%
Gustave Kateb Doc
26%
Santiago Lucero Flores
26%
Nienke Meijer Iana
26%
Marius Streicher Jager
26%
Maxim Basuda Kapkan
26%
Eric Thorn Maverick
26%
Ana Valentina Díaz Solis
26%
Morowa Evans Clash
23%
Tina Lin Tsang Frost
23%
Tori Tallyo Fairous. Gridlock
23%
Brianna Skehan Thorn
23%
Mina Sky Thunderbird
23%
Néon Ngoma Mutombo Sens
19%
No matching quizzes found
Score Distribution
Percent of People with Each Score
Percentile by Number Answered
Your Score History
You have not taken this quiz since the last reset